Quiz o Sandomierzu - Statystyki

Ogólne statystyki
  • Ten quiz został rozwiązany 18 razy
  • Średni wynik to 11 z 15
Statystyki odpowiedzi
Zagadnienie Odpowiedź % Poprawnych
Który znany serial telewizyjny nagrywany był w Sandomierzu? Ojciec Mateusz
100%
W którym województwie znajduje się Sandomierz? W województwie świętokrzyskim
100%
Jakie litery znajdują się na tablicach rejestracyjnych pojazdów z Sandomierza? TSA
94%
Jak nazywa się charakterystyczna brama wjazdowa do Starego Miasta w Sandomierzu? Brama Opatowska
88%
W której części Polski znajduje się Sandomierz? południowo-wschodniej
88%
Jak nazywa się zabytkowy kościół dominikański w Sandomierzu, znany m.in. z polichromii i legendy o krwawej kaplicy? Kościół św. Jakuba
82%
Jak bywa nazywany Sandomierz ze względu na swoje położenie i urokliwe wzgórza? mały Rzym
82%
Nad jaką rzeką położony jest Sandomierz? Nad Wisłą
82%
Które z wymienionych miast leży najbliżej Sandomierza? Rzeszów
82%
Który z wymienionych piłkarzy ręcznych urodził się w Sandomierzu? Karol Bielecki
76%
Ile mieszkańców liczy Sandomierz? 15 000 – 25 000
59%
Które z wymienionych wydarzeń odbywają się co roku w Sandomierzu? Święto Młodego Wina
53%
Akcja której powieści Zygmunta Miłoszewskiego rozgrywa się w Sandomierzu? Ziarno prawdy
53%
Które z wymienionych wydarzeń odbywają się co roku w Sandomierzu? Dookoła Wody Festival
41%
Jaki kontrowersyjny obraz Karola de Prevot znajduje się w katedrze sandomierskiej? Mord rytualny
29%
Nie znaleziono quizów pasujących do podanych kryteriów
Rozkład punktacji
Procent ludzi z każdym wynikiem
Percentyl według liczby udzielonych odpowiedzi
Twoja historia wyników
Nie rozwiązałeś tego quizu